| 000 | 01397nam a22003375i 4500 | ||
|---|---|---|---|
| 001 | 178580 | ||
| 003 | ES-MaACL | ||
| 005 | 20241113143125.0 | ||
| 008 | 110608s1963 sp o |||| | spa d | ||
| 080 | _a821.134.2-2"19" | ||
| 245 | 0 | 0 |
_aTeatro español. _p1961-1962 / _cprólogo, notas y apéndice por Federico Carlos Sainz de Robles. |
| 260 |
_aMadrid : _bAguilar, _cD. L. 1963. |
||
| 300 |
_aXLIV, 416, [10] p. de fot. bl. y n. ; _c21 cm. |
||
| 490 | 1 | _aColección literaria. Novelistas, dramaturgos, ensayistas, poetas | |
| 505 | 8 | 0 | _aContiene: Esta noche, tampoco / José López Rubio. Rebelde / Alfonso Paso. El charlatán / Ricardo Rodríguez Buded. La camisa / Lauro Olmo. La historia de los tarantos / Alfredo Mañas |
| 650 | 4 |
_aTeatro español- _yS.XX. _917356 |
|
| 700 | 1 |
_aSainz de Robles, Federico Carlos, _d1898-1982 _9101593 |
|
| 700 | 1 |
_aLópez Rubio, José, _d1903-1996 _973939 |
|
| 700 | 1 |
_aPaso, Alfonso _989420 |
|
| 700 | 1 |
_aRodríguez Buded, Ricardo. _998386 |
|
| 700 | 1 |
_aOlmo, Lauro, _d1922-1994 _986974 |
|
| 700 | 0 |
_aMañas, Alfredo. _976254 |
|
| 740 | 0 | 2 | _aEsta noche, tampoco. |
| 740 | 0 | 2 | _aRebelde. |
| 740 | 3 | 2 | _aEl charlatán. |
| 740 | 3 | 2 | _aLa camisa. |
| 740 | 0 | 2 | _aLa historia de los tarantos. |
| 830 | 0 |
_aColección literaria. Novelistas, dramaturgos, ensayistas, poetas _9183856 |
|
| 852 |
_aES-MaACL _jE-15347 _xOlim P-83 |
||
| 999 |
_c178580 _d178580 |
||